Chemical plant and its operation: including safety and health aspects
Saved in:
| Main Authors: | , |
|---|---|
| Format: | Book |
| Language: | English |
| Published: |
Oxford
Pergamon
1980
|
| Edition: | 2a. ed |
| Series: | Pergamon International Library
|
| Subjects: | |
| Tags: |
Add Tag
No Tags, Be the first to tag this record!
|
MARC
| LEADER | 00000nam a2200000 a 4500 | ||
|---|---|---|---|
| 001 | UCU7136 | ||
| 003 | CL-VaPUC | ||
| 008 | 960628e19800000UK |||||||||||||||||eng|d | ||
| 082 | 0 | 4 | |a 660.280 |b COO |2 21 |
| 100 | 0 | |a Cook, T. M |e author |9 365687 | |
| 700 | 0 | |a Cullen, D. J |e author |9 365688 | |
| 245 | 1 | 0 | |a Chemical plant and its operation: including safety and health aspects |
| 250 | |a 2a. ed | ||
| 300 | |a 173 p | ||
| 942 | |c BK | ||
| 945 | |d 19960628 00:00:00 |a lriquelm | ||
| 260 | |a Oxford |b Pergamon |c 1980 | ||
| 650 | 0 | |a Tecnología química |9 263002 | |
| 650 | 7 | |a INDUSTRIA QUIMICA |2 CL-VaPUC |9 365689 | |
| 650 | 0 | |a Plantas industriales |9 364524 | |
| 650 | 0 | |a Materiales de construcción |9 260197 | |
| 650 | 7 | |a CORROSION |2 CL-VaPUC |9 271912 | |
| 650 | 7 | |a TEMPERATURA |2 CL-VaPUC |9 365690 | |
| 650 | 7 | |a MEDIDA |2 CL-VaPUC |9 360062 | |
| 650 | 0 | |a Destilación |9 263952 | |
| 650 | 7 | |a SEPARACION QUIMICA |2 CL-VaPUC |9 342424 | |
| 650 | 0 | |a Prevención de accidentes |9 262912 | |
| 650 | 7 | |a SITUACIONES DE PELIGRO |2 CL-VaPUC |9 361481 | |
| 583 | |a last modification |c 19960628 00:00:00 |k Rodrigo Vera | ||
| 490 | 0 | |a Pergamon International Library | |
| 999 | |c 249828 |d 249826 | ||
| 952 | |0 0 |1 0 |4 0 |6 660_280000000000000_COO_1980 |7 0 |8 A |9 267368 |a BIBING |b BIBING |d 2019-11-19 |i 1695746 |o 660.280 COO 1980 |p 1695746 |r 2025-01-20 |w 2019-11-19 |y BK |k EIQ | ||